Statystyki dla Zawodnicy Wybrzeża Gdańsk w latach 2017-2024

Kliknij tutaj aby rozwiązać quiz!

Ogólne statystyki

  • Ten quiz został rozwiązany 12 razy
  • Średni wynik to 59 z 95

Statystyki odpowiedzi

KrajRokZawodnik (Imię i Nazwisko)% Poprawnych
Dania2023Michael Jepsen Jensen
100%
Dania2017Anders Thomsen
89%
Dania2018Anders Thomsen
89%
Polska2022Jakub Jamróg
89%
Polska2021Jakub Jamróg
89%
Polska2017Kacper Gomólski
89%
Polska2019Kacper Gomólski
89%
Polska2020Kacper Gomólski
89%
Australia2023Keynan Rew
89%
Polska2023Miłosz Wysocki
89%
Polska2024Miłosz Wysocki
89%
Polska2022Miłosz Wysocki
89%
Dania2023Nicolai Klindt
89%
Dania2024Nicolai Klindt
89%
Polska2018Oskar Fajfer
89%
Polska2017Oskar Fajfer
89%
Dania2021Rasmus Jensen
89%
Dania2020Rasmus Jensen
89%
Dania2022Rasmus Jensen
89%
Finlandia2022Timo Lahti
89%
Polska2018Dominik Kossakowski
78%
Polska)2017Dominik Kossakowski
78%
Szwecja2020Jacob Thorssell
78%
Szwecja2019Jacob Thorssell
78%
Polska2018Karol Żupiński
78%
Polska2017Karol Żupiński
78%
Polska2020Karol Żupiński
78%
Polska2019Karol Żupiński
78%
Polska2022Karol Żupiński
78%
Polska2024Krzysztof Kasprzak
78%
Dania2023Mads Hansen
78%
Polska2024Mateusz Tonder
78%
Dania2018Mikkel Michelsen
78%
Rosja2021Wiktor Kułakow
78%
Rosja (nie startował)2022Wiktor Kułakow
78%
Polska2022Adrian Gała
67%
Rosja2021Aleksandr Kajbuszew
67%
Rosja2020Aleksandr Kajbuszew
67%
Polska2023Daniel Kaczmarek
67%
Polska2021Krystian Pieszczek
67%
Polska2020Krystian Pieszczek
67%
Polska2019Krystian Pieszczek
67%
Dania2020Mikkel Bech
67%
Dania2019Mikkel Bech
67%
Dania2018Mikkel Bech
67%
Dania2017Mikkel Bech
67%
Dania2024Niels-Kristian Iversen
67%
Polska2023Seweryn Orgacki
67%
Wielka Brytania2024Tom Brennan
67%
Polska/Ukraina2022Wiktor Trofimow
67%
Polska2019Adrian Cyfer
56%
Polska2017Aureliusz Bieliński
56%
Polska2018Aureliusz Bieliński
56%
Nowa Zelandia2019Bradley Wilson-Dean
56%
Polska2019Denis Zieliński
56%
Wielka Brytania2022Drew Kemp
56%
Wielka Brytania2021Drew Kemp
56%
Polska2024Eryk Kamiński
56%
Szwecja2019Joel Kling
56%
Polska2022Kamil Marciniec
56%
Dania2021Kevin Juhl Pedersen
56%
Polska2018Michał Szczepaniak
56%
Polska2022Piotr Gryszpiński
56%
Polska2021Piotr Gryszpiński
56%
Polska2020Piotr Gryszpiński
56%
Rosja2017Renat Gafurov
56%
Australia2017Troy Batchelor
56%
Polska2023Bartosz Tyburski
44%
Polska2024Bartosz Tyburski
44%
Polska2017Hubert Łęgowik
44%
Dania2019Jonas Seifert-Salk
44%
Szwecja2017Linus Sundstroem
44%
Niemcy2021Lukas Fienhage
44%
Polska2022Marcel Krzykowski
44%
Polska2023Mateusz Łopuski
44%
Polska2022Mateusz Łopuski
44%
Dania2018Patrick Hougaard
44%
Polska2019Patryk Beśko
44%
Polska2018Patryk Beśko
44%
Dania2020Peter Kildemand
44%
Dania2019Thomas Jorgensen
44%
Polska2021Alan Szczotka
33%
Polska2020Alan Szczotka
33%
Polska2021Amadeusz Szulist
33%
Polska2020Amadeusz Szulist
33%
Szwecja2019Kim Nilsson
33%
Polska2018Marcin Turowski
33%
Polska2017Marcin Turowski
33%
Polska2021Michał Gruchalski
33%
Polska2023Norbert Kościuch
33%
Polska2020Robert Chmiel
33%
Dania2022Thomas Joergensen
33%
Polska2019Dominik Majchrzak
22%
Polska2022Jakub Kowalski
22%
Polska2019Oskar Rowecki
11%

Rozkład punktacji

Percentyl według liczby udzielonych odpowiedzi

Procent ludzi z każdym wynikiem

Twoja historia wyników

Nie rozwiązałeś tego quizu